| 000 | 00323nam a2200109 a 4500 | ||
|---|---|---|---|
| 005 | 20201002061614.0 | ||
| 008 | 190716s1977 000 spa d | ||
| 100 |
_aVincent Cepeda, Rosa Amelia _91213 |
||
| 245 | 0 | _aManual de geografía universal y especial de América :. | |
| 260 |
_aSanto Domingo, _c1977. |
||
| 999 |
_c48526 _d48526 |
||
| 040 | _aDO-SdBNP | ||